000 00589nam a22002057a 4500
005 20251108164338.0
008 250721s1992 xx 000 0 ara d
082 1 4 _a690.024/حسي
100 1 _aجمعه، حسين محمد
245 1 0 _aالشروخ و الترميمات /
246 1 1 _aConcrete repairing
264 _bمكتب الدراسات و الإستشارات الهندسيه،
_c1992.
300 _a233ص
650 1 7 _aالبناء
650 1 7 _aمواد البناء
650 1 7 _aالترميم
650 1 7 _aالإصلاح
942 _2ddc
_cBK
999 _c9891
_d9891